Global information network

Bibliographic Details
Format: Electronic Newspaper
Language:English
Published: New York : Global Information Network
Subjects:
Online Access:Full text available from Research Library: 01/02/2002 to 07/30/2015

MARC

LEADER 00000nas a2200000 i 4500
001 ssj0001073648
003 WaSeSS
005 20200512172242.0
006 m d
007 cr n
008 131226c20uu9999nyud| n|s|||||| |0eng d
035 |a (WaSeSS)ssj0001073648 
040 |a WaSeSS  |b eng  |c WaSeSS  |d WaSeSS 
050 1 4 |a HD2755.5 
245 0 0 |a Global information network  |h [electronic resource]. 
260 |a New York :  |b Global Information Network 
310 |a Daily 
506 |a License restrictions may limit access. 
588 |a Description based on: January 2, 2002; title from title screen (ProQuest, viewed Dec. 21, 2013). 
588 |a Latest issue consulted: December 20, 2013 (viewed Dec. 21, 2013). 
650 0 |a International business enterprises  |v Newspapers. 
655 0 |a Electronic journals. 
856 4 0 |z Full text available from Research Library: 01/02/2002 to 07/30/2015  |u https://search.proquest.com/publication/26906